000 00619cam a22002173a 4500
001 45683
003 PGUSA
005 20140828084046.0
008 140525s2014||||xxu|||||s|||||000 | eng d
040 _aPGUSA
_beng
042 _adc
100 1 _aTurner, Ethel Sybil,
_d1870-1958
245 1 4 _aThe Wonder-Child
_h[electronic resource] /
_cEthel Sybil Turner
260 _bProject Gutenberg,
_c2014
506 _aPublic domain in the USA.
516 _aElectronic text
700 1 _aBrowne, Gordon,
_d1858-1932
830 0 _aProject Gutenberg
_v45683
856 4 0 _uhttp://www.gutenberg.org/ebooks/45683
942 _cEB
999 _c274933
_d274933